000 00415nam a2200145Ia 4500
008 191023s9999 xx 000 0 und d
020 _a9781285176819
100 _aDeer, Tova Rabinowitz.
245 _cTova Rabinowitz Deer.--
_aExploring typo graphy /
250 _a2nd ed
260 _aUSA :
_bCengage Learning
_c2016
300 _axiv, 362 pages.
650 _aGraphic design
650 _aType and type founding
999 _c362320
_d362320